Hajj to the heart: Sufi journeys across the Indian Ocean

"Against the sweeping backdrop of South Asian history, this is a story of journeys taken by sixteenth-century reformist Muslim scholars and Sufi mystics from India to Arabia. At the center is the influential Sufi scholar Shaykh ʻAli Muttaqi and his little-known network of disciples. Scott Kugle...

Full description

Saved in:  
Bibliographic Details
Main Author: Kugle, Scott Alan 1969- (Author)
Format: Electronic Book
Language:English
Check availability: HBZ Gateway
WorldCat: WorldCat
Interlibrary Loan:Interlibrary Loan for the Fachinformationsdienste (Specialized Information Services in Germany)
Published: Chapel Hill The University of North Carolina Press [2021]
In:Year: 2021
Series/Journal:Islamic civilization and Muslim networks
Further subjects:B Islam (South Asia) History 17th century
B Muttaqī, ʻAlī ibn ʻAbd al-Malik - -1567
B Soufisme - Inde - Gujarāt - Histoire - 16e siècle
B Musulmans - Savoir et érudition - Histoire
B Sufis
B Soufisme - Inde - Gujarāt - Histoire - 17e siècle
B Muslim scholars
B Muslim scholars (India) 16th century Biography
B Sufis (India) 16th century Biography
B History
B Muttaqī, ʻAlī ibn ʻAbd al-Malik (-1567)
B Islam (Saudi Arabia) History 17th century
B Islamic learning and scholarship
B Saudi Arabia
B 1500-1699
B Islam - Arabie saoudite - Histoire - 17e siècle
B Biography
B Sufis (India) 17th century
B Sufism
B Islam (South Asia) History 16th century
B Savants musulmans - Inde - 17e siècle
B Islam (Saudi Arabia) History 16th century
B Savants musulmans - Inde - 16e siècle - Biographies
B Islam / Religion / Generals
B Muslim scholars (India) 17th century
B Soufis - Inde - 17e siècle
B Sufism (India) (Gujarat) History 17th century
B Islam - Arabie saoudite - Histoire - 16e siècle
B India
B South Asia
B Islamic learning and scholarship History
B Islam - Asie méridionale - Histoire - 16e siècle
B Soufis - Inde - 16e siècle - Biographies
B Biographies
B Islam
B India - Gujarat
B Sufism (India) (Gujarat) History 16th century
B Islam - Asie méridionale - Histoire - 17e siècle
Online Access: Volltext (kostenfrei)

MARC

LEADER 00000cam a22000002c 4500
001 1826821546
003 DE-627
005 20260310142133.0
007 cr uuu---uuuuu
008 221212s2021 xxu|||||o 00| ||eng c
020 |a 9781469665320  |q electronic book 
020 |a 1469665328  |q electronic book 
035 |a (DE-627)1826821546 
035 |a (DE-599)KEP083307192 
035 |a (OCoLC)1312219770 
035 |a (MiAaJST)9781469665320_kugle 
035 |a (DE-627-1)083307192 
040 |a DE-627  |b ger  |c DE-627  |e rda 
041 |a eng 
044 |c XD-US 
050 0 |a BP80.M8985 
072 7 |a REL 037000  |2 bisacsh 
072 7 |a SOC 048000  |2 bisacsh 
072 7 |a LIT 025040  |2 bisacsh 
082 0 |a 297.4092/254  |q DLC  |2 23 
084 |a 0  |2 ssgn 
100 1 |8 1\p  |e VerfasserIn  |0 (DE-588)141922362  |0 (DE-627)632066482  |0 (DE-576)326849203  |4 aut  |a Kugle, Scott Alan  |d 1969- 
109 |a Kugle, Scott Alan 1969-  |a Kugle, Scott 1969-  |a Haqq Kugle, Scott Siraj al- 1969-  |a Kugle, Scott Siraj al-Haqq 1969-  |a Kugle, Scott A. 1969- 
245 1 0 |a Hajj to the heart  |b Sufi journeys across the Indian Ocean  |c Scott Kugle 
264 1 |a Chapel Hill  |b The University of North Carolina Press  |c [2021] 
300 |a 1 Online-Ressource (xviii, 302 pages)  |b illustrations, maps 
336 |a Text  |b txt  |2 rdacontent 
337 |a Computermedien  |b c  |2 rdamedia 
338 |a Online-Ressource  |b cr  |2 rdacarrier 
490 0 |a Islamic civilization and Muslim networks 
500 |a Includes bibliographical references and index 
505 8 |a Introduction: Perilous Pilgrimage and Interconnected Lives -- First Satchel: ʻAli Muttaqi's Growth -- Second Satchel: ʻAli Muttaqi's Exile -- Third Satchel: ʻAli Muttaqi's Maturity -- Fourth Satchel: ʻAli Muttaqi's Mission -- Fifth Satchel: ʻAli Muttaqi's Legacy -- Sixth Satchel: ʻAli Muttaqi's Memory -- Appendix A. Sultans of Gujarat in the Muzaffar-Shahi Dynasty, 1407-1584 -- Appendix B. Sufi Lineages of ʻAli Muttaqi and ʻAbd al-Haqq -- Abbreviations Used in the Notes and Bibliography -- Notes -- Bibliography -- Index. 
506 0 |a Open Access 
520 |a "Against the sweeping backdrop of South Asian history, this is a story of journeys taken by sixteenth-century reformist Muslim scholars and Sufi mystics from India to Arabia. At the center is the influential Sufi scholar Shaykh ʻAli Muttaqi and his little-known network of disciples. Scott Kugle relates how ʻAli Muttaqi, an expert in Arabic, scriptural hermeneutics, and hadith, left his native South Asia and traversed treacherous seas to make the Hajj to Mecca. Settling in Mecca, he continued to influence his homeland from overseas. Kugle draws on his original translations of Arabic and Persian manuscripts, never before available in English, to trace ʻAli Muttaqi's devotional writings, revealing how the Hajj transformed his spiritual life and political loyalties. The story expands across three generations of peripatetic Sufi masters in the Mutaqqi lineage as they travel for purposes of pilgrimage, scholarship, and sometimes simply for survival along Indian Ocean maritime routes linking global Muslim communities. Exploring the political intrigue, scholarly debates, and diverse social milieus that shaped the colorful personalities of his Sufi subjects, Kugle argues for the importance of Indian Sufi thought in the study of hadith and of ethics in Islam"-- 
600 1 0 |a Muttaqī, ʻAlī ibn ʻAbd al-Malik  |d -1567  |2 DLC 
600 1 4 |a Muttaqī, ʻAlī ibn ʻAbd al-Malik - -1567 
648 4 |a 1500-1699 
650 0 |a Sufism  |z India  |z Gujarat  |x History  |y 16th century  |2 DLC 
650 0 |a Sufism  |z India  |z Gujarat  |x History  |y 17th century  |2 DLC 
650 0 |a Sufism  |z India  |z Gujarat  |x History  |y 16th century 
650 0 |a Sufism  |z India  |z Gujarat  |x History  |y 17th century 
650 0 |a Muslim scholars  |z India  |y 16th century  |v Biography  |2 DLC 
650 0 |a Sufis  |z India  |y 16th century  |v Biography  |2 DLC 
650 0 |a Muslim scholars  |z India  |y 17th century  |2 DLC 
650 0 |a Sufis  |z India  |y 17th century  |2 DLC 
650 0 |a Islamic learning and scholarship  |x History  |2 DLC 
650 0 |a Islam  |z South Asia  |x History  |y 16th century  |2 DLC 
650 0 |a Islam  |z South Asia  |x History  |y 17th century  |2 DLC 
650 0 |a Islam  |z Saudi Arabia  |x History  |y 16th century  |2 DLC 
650 0 |a Islam  |z Saudi Arabia  |x History  |y 17th century  |2 DLC 
650 4 |a Savants musulmans - Inde - 16e siècle - Biographies 
650 4 |a Soufis - Inde - 16e siècle - Biographies 
650 4 |a Savants musulmans - Inde - 17e siècle 
650 4 |a Soufis - Inde - 17e siècle 
650 4 |a Soufisme - Inde - Gujarāt - Histoire - 16e siècle 
650 4 |a Soufisme - Inde - Gujarāt - Histoire - 17e siècle 
650 4 |a Musulmans - Savoir et érudition - Histoire 
650 4 |a Islam - Asie méridionale - Histoire - 16e siècle 
650 4 |a Islam - Asie méridionale - Histoire - 17e siècle 
650 4 |a Islam - Arabie saoudite - Histoire - 16e siècle 
650 4 |a Islam - Arabie saoudite - Histoire - 17e siècle 
650 4 |a Islam 
650 4 |a Islamic learning and scholarship 
650 4 |a Muslim scholars 
650 4 |a Sufis 
650 4 |a Sufism 
650 4 |a Religion / Islam / General 
650 4 |a History 
650 4 |a Biographies 
650 4 |a Biographies 
650 4 |a Biographies 
651 4 |a India 
651 4 |a India - Gujarat 
651 4 |a Saudi Arabia 
651 4 |a South Asia 
655 2 |a Biography 
776 1 |z 9781469665306  |c hardcover 
776 1 |z 1469665301  |c hardcover 
776 1 |z 9781469665313  |c paperback 
776 1 |z 146966531X  |c paperback 
776 0 8 |i Erscheint auch als  |n Druck-Ausgabe  |a Kugle, Scott Alan, 1969-  |t Hajj to the heart  |z 9781469665306  |w (DLC)2021038324 
856 4 0 |u https://www.jstor.org/stable/10.5149/9781469665320_kugle  |m X:JSTOR  |x Verlag  |z kostenfrei  |7 0 
883 |8 1\p  |a cgwrk  |d 20241001  |q DE-101  |u https://d-nb.info/provenance/plan#cgwrk 
912 |a ZDB-39-JOA 
951 |a BO 
ELC |a 1 
OAS |a 1 
ORI |a TA-MARC-ixtheo_oa001.raw 
REL |a 1 
STA 0 0 |a Islam,Islam 
STB 0 0 |a Islam,Islam 
STC 0 0 |a Islam,Islam 
STD 0 0 |a Islam,Islam 
STE 0 0 |a 伊斯兰教,伊斯兰教,回教,回教 
STF 0 0 |a 伊斯蘭教,伊斯蘭教,回教,回教 
STG 0 0 |a Islã,Islã 
STH 0 0 |a Ислам (мотив),Ислам 
STI 0 0 |a Ισλάμ (μοτίβο),Ισλάμ 
SUB |a REL 
SYE 0 0 |a Islam , Islam , Islam , Islam , Islam